| 000 | 00744nam a2200181 a 4500 | ||
|---|---|---|---|
| 001 | BRCA_626 | ||
| 005 | 20190320203104.0 | ||
| 008 | 181005s2003----fr-a---###---#000-0#eng-d | ||
| 020 | _a2711846326 | ||
| 050 | 4 |
_aND546 _b.T65 2003 |
|
| 245 | 1 | 0 |
_aThe Triumph of French Painting _b17th Century Masterpieces from the Museums of France. |
| 260 |
_aParís _bFRAME [French Regional and American Museum Exchange] ; Réunion des Musées Nationaux ; Portland Art Museum _c2003 |
||
| 300 |
_a126 p. _bil. _c28 cm. |
||
| 500 | _aCatálogo de la exposición realizada en el Portland Art Museum (Oregón), 11 octubre, 2003 - 4 enero, 2004 | ||
| 504 | _aBibliografía: p. 126-127 | ||
| 650 | 1 | 4 |
_aPintura francesa _vExposiciones _zSiglo XVII _92125 |
| 942 |
_2lcc _cB |
||
| 999 |
_c549 _d549 |
||